Sports Quiz

Random Sports or Basketball Quiz

NBA - Washington Wizards All-Stars Quiz Stats

 Plays Quiz not verified by Sporcle

Score 0/55 Timer 05:00
0 Plays Today
Year Player % Correct
2005Gilbert Arenas
94.7%
2006Gilbert Arenas
94.7%
2007Gilbert Arenas
94.7%
1969Wes Unseld
87.1%
1971Wes Unseld
87.1%
1972Wes Unseld
87.1%
1973Wes Unseld
87.1%
1975Wes Unseld
87.1%
2005Antawn Jamison
85.4%
2008Antawn Jamison
85.4%
1973Elvin Hayes
80.4%
1974Elvin Hayes
80.4%
1975Elvin Hayes
80.4%
1976Elvin Hayes
80.4%
1977Elvin Hayes
80.4%
1978Elvin Hayes
80.4%
1979Elvin Hayes
80.4%
1980Elvin Hayes
80.4%
2002Michael Jordan
77%
2003Michael Jordan
77%
2007Caron Butler
77%
2008Caron Butler
77%
1997Chris Webber
74.2%
1996Juwan Howard
65.3%
1969Earl Monroe
57.7%
1971Earl Monroe
57.7%
1991Bernard King
57.2%
1987Moses Malone
51%
Year Player % Correct
1988Moses Malone
51%
1986Jeff Malone
50.7%
1987Jeff Malone
50.7%
1965Gus Johnson
48.3%
1968Gus Johnson
48.3%
1969Gus Johnson
48.3%
1970Gus Johnson
48.3%
1971Gus Johnson
48.3%
1974Phil Chenier
41.1%
1975Phil Chenier
41.1%
1977Phil Chenier
41.1%
1962Walt Bellamy
40.7%
1963Walt Bellamy
40.7%
1964Walt Bellamy
40.7%
1965Walt Bellamy
40.7%
1979Bob Dandridge
34.4%
1984Jeff Ruland
32.1%
1992Michael Adams
28.5%
1976Dave Bing
17%
1972Archie Clark
14.8%
1972Jack Marin
14.1%
1965Don Ohl
10.3%
1966Don Ohl
10.3%
1967Don Ohl
10.3%
1963Terry Dischinger
8.4%
1964Terry Dischinger
8.4%
1966Bailey Howell
6.7%

You're not logged in!

Compare scores with friends on all Sporcle quizzes.
OR
Log In

Show Comments

Extras

Top Quizzes Today


Score Distribution

Your Account Isn't Verified!

In order to create a playlist on Sporcle, you need to verify the email address you used during registration. Go to your Sporcle Settings to finish the process.

Report this User

Report this user for behavior that violates our Community Guidelines.

Details: